Miasta wojewódzkie w latach 1975-1998 - Statystyki

Ogólne statystyki
  • Ten quiz został rozwiązany 1 293 razy
  • Średni wynik to 36 z 49
Statystyki odpowiedzi
Nazwa miasta % Poprawnych
Warszawa
96%
Gdańsk
95%
Szczecin
94%
Kraków
93%
Białystok
91%
Wrocław
91%
Zielona Góra
91%
Bydgoszcz
90%
Katowice
90%
Toruń
90%
Poznań
89%
Lublin
87%
Gorzów Wlkp.
86%
Łódź
86%
Olsztyn
86%
Rzeszów
85%
Opole
84%
Kielce
82%
Radom
81%
Częstochowa
80%
Koszalin
80%
Suwałki
78%
Bielsko-Biała
77%
Elbląg
77%
Tarnów
71%
Wałbrzych
70%
Jelenia Góra
69%
Zamość
69%
Kalisz
68%
Płock
68%
Słupsk
68%
Konin
67%
Legnica
66%
Piła
66%
Nowy Sącz
65%
Przemyśl
64%
Włocławek
64%
Biała Podlaska
63%
Piotrków Tryb.
63%
Chełm
62%
Łomża
59%
Krosno
58%
Tarnobrzeg
57%
Siedlce
56%
Leszno
55%
Ostrołęka
54%
Skierniewice
53%
Ciechanów
50%
Sieradz
48%
Nie znaleziono quizów pasujących do podanych kryteriów
Rozkład punktacji
Procent ludzi z każdym wynikiem
Percentyl według liczby udzielonych odpowiedzi
Twoja historia wyników
Nie rozwiązałeś tego quizu